Statistiken für 10 größten Länder in Europa nach Fläche - Kartenquiz.

Klicken Sie hier um das Quiz zu spielen!

Allgemein

  • Dieses Quiz wurde 321 mal gespielt
  • Das Durchschnittsergebnis liegt bei 10 aus 10

Antworten auf der Karte

Die Antworten werden auf der Karte rot bzw. grün angezeigt, abhängig davon wie oft sie richtig erraten wurden.
 

Antwortstatistiken

Antwort% Korrekt
Russland
97%
Deutschland
96%
Finnland
96%
Polen
96%
Spanien
96%
Frankreich
95%
Italien
95%
Norwegen
95%
Ukraine
95%
Schweden
93%

Verteilung der Resultate

Perzentil nach korrekt beantworteten Fragen

Anzahl Personen mit jedem Resultat

Ihre Resultats-Entwicklung

Sie haben dieses Quiz noch nicht gespielt